| 000 | 00880cab a22002415a 4500 | ||
|---|---|---|---|
| 001 | L159861 | ||
| 008 | 150113e2017 xxk 000 0 eng d | ||
| 035 | _a(Sirsi) u159861 | ||
| 041 | 0 | _aeng | |
| 100 | 1 | _aWaldron, Shirley | |
| 245 | 0 | 0 |
_aEasing the load _h[electronic resource] |
| 260 |
_aLondon _bRICS _c2017 |
||
| 490 |
_aRICS Building Surveying Journal _vMay - June 2017, 6-7(2) |
||
| 520 | _aExplains how legislative provisions were lifted to enable work on Crossrail with the application of a range of practical techniques. | ||
| 650 | 2 | 4 | _aCROSSRAIL PROJECT |
| 650 | 2 | 4 | _aVIBRATIONS |
| 650 | 2 | 4 | _aCOMPENSATION GROUTING |
| 650 | 2 | 4 | _aMONITORING |
| 651 | 4 |
_aUnited Kingdom _y |
|
| 690 | _aTRANSPORTATION PROJECTS | ||
| 856 | 4 | 0 |
_uhttps://issuu.com/ricsmodus/docs/building_surveying_journal_may_june_e51321e7dff376 _yAvailable free online via Issuu |
| 942 |
_n0 _2ddc |
||
| 999 |
_c85024 _d85024 |
||